Score 0/47 Timer 07:00
2 Plays Today
Beginning Letter Capital % Correct
OOslo
94.2%
BBern
91.1%
RRome
90.3%
PParis
86%
KKyiv
86%
RRiga
84.3%
LLondon
82.2%
MMadrid
81.8%
LLisbon
79.7%
BBerlin
79.4%
WWarsaw
78.2%
DDublin
76%
ZZagreb
72.8%
VVienna
72.3%
AAthens
70.9%
MMoscow
69.9%
HHelsinki
68.4%
PPrague
67.5%
MMinsk
67%
VVaduz
66.5%
SStockholm
65.6%
BBudapest
65.5%
AAmsterdam
63.8%
SSofia
63.4%
Beginning Letter Capital % Correct
VVatican City
63.2%
BBrussels
62.9%
CCopenhagen
62.4%
AAnkara
60.5%
LLuxembourg
60.2%
TTallinn
59.6%
BBucharest
58.9%
VVilnius
58.6%
MMonaco
57.7%
AAndorra la Vella
57.2%
BBratislava
52.8%
SSarajevo
52.7%
BBelgrade
51.9%
NNicosia
51.6%
TTirana
49.3%
VValletta
48.9%
RReykjavik
48.4%
SSan Marino
46.5%
CChisinau
46.2%
SSkopje
45.6%
PPristina
43.9%
LLjubljana
43.5%
PPodgorica
40.6%
Come Together.
Have Fun.
All Virtual.
We all need to come together. Play Sporcle's virtual live trivia to have fun, connect with people, and get your trivia on. Join a live hosted trivia game for your favorite pub trivia experience done virtually. If a virtual private party is more your thing, go here for details.

You're not logged in!

Compare scores with friends on all Sporcle quizzes.
OR
Log In

Sporcle TV

Today on Sporcle TV


Watch our educational content, quiz creation guides, and fun videos on Sporcle TV.

Show Comments

Extras

Top Quizzes Today


Score Distribution

Paid Content

Your Account Isn't Verified!

In order to create a playlist on Sporcle, you need to verify the email address you used during registration. Go to your Sporcle Settings to finish the process.

Report this User

Report this user for behavior that violates our Community Guidelines.

Details: